Narendra Modi (Record no. 324862)
[ view plain ]
| 000 -LEADER | |
|---|---|
| fixed length control field | 00330 a2200133 4500 |
| 001 - CONTROL NUMBER | |
| control field | 89789 |
| 003 - CONTROL NUMBER IDENTIFIER | |
| control field | NUST |
| 082 ## - DEWEY DECIMAL CLASSIFICATION NUMBER | |
| Classification number | 923.20954 MAR |
| 100 ## - MAIN ENTRY--PERSONAL NAME | |
| Personal name | Marino Andy |
| 9 (RLIN) | 9830 |
| 245 ## - TITLE STATEMENT | |
| Title | Narendra Modi |
| Remainder of title | A Political Biography |
| 260 ## - PUBLICATION, DISTRIBUTION, ETC. | |
| Place of publication, distribution, etc. | India |
| Name of publisher, distributor, etc. | Harper Collins |
| Date of publication, distribution, etc. | 2014 |
| 300 ## - PHYSICAL DESCRIPTION | |
| Extent | xx, 310p. |
| 500 ## - GENERAL NOTE | |
| General note | General Books |
| 942 ## - ADDED ENTRY ELEMENTS (KOHA) | |
| Institution code [OBSOLETE] | CAE NUST |
| Koha item type | Book |
| Call number prefix | 923.20954 MAR |
| Source of classification or shelving scheme | |
| Withdrawn status | Lost status | Damaged status | Not for loan | Collection code | Permanent Location | Current Location | Date acquired | Total Checkouts | Full call number | Barcode | Date last seen | Price effective from | Koha item type |
|---|---|---|---|---|---|---|---|---|---|---|---|---|---|
| College of Aeronautical Engineering (CAE) | College of Aeronautical Engineering (CAE) | 04/03/2017 | 923.20954 MAR | CAE86109 | 04/05/2017 | 04/05/2017 | Book |
